| 000 | 00927nam a22002415a 4500 | ||
|---|---|---|---|
| 005 | 20090523144657.0 | ||
| 008 | 080726s2008 ii a b 001 0 eng | ||
| 010 | _aENG-93690 | ||
| 020 |
_a978812305539 _c695.00 |
||
| 035 | _aEN-77223 | ||
| 037 | _bDBAD / PUB | ||
| 040 |
_adpl _bEnglish |
||
| 082 | _a488.0071 | ||
| 100 | _aKleiser, Grenville | ||
| 245 |
_aSpeak and write better english / _cby Grenville Kleiser |
||
| 260 |
_aNew Delhi _bAPH Publishing Corporation _c2009 |
||
| 270 |
_a4435-36/7, Ansari Road, Daryaganj, _bNew Delhi _e110002 |
||
| 300 |
_av, 274p. _c23cm(Hb) |
||
| 500 | _aIncludes bibliographical references | ||
| 650 |
_aEnglish language _xStudy and teaching |
||
| 942 |
_2ddc _cEN _mKLE _h488.0071 |
||
| 999 |
_c26726 _d26726 |
||